| 000 | 00484nam a22001097a 4500 | ||
|---|---|---|---|
| 008 | 110708t xxu||||| |||| 00| 0 eng d | ||
| 010 | _aCDOCF140 | ||
| 245 | _aSupreme Court Criminal Appeal No. 8 OF 1995 Alario Lakwar Oketch Vs Uganda | ||
| 260 | _c1995 | ||
| 500 | _aAppeal against the decision of Hon. Mr. Justice E.S. Lugayizi given at Tororo on the 19/4/95 in HIC CR. SS. NO. 18/94 | ||
| 999 |
_c4665 _d4665 |
||